| 000 | 01619cab a2200349 4500 | ||
|---|---|---|---|
| 001 | ABS43709 | ||
| 008 | 090401t1990 xxu||||| |||| 00| 0 eng d | ||
| 035 | _a(Sirsi) u43125 | ||
| 041 | _aeng | ||
| 245 | _aQuarterly round up | ||
| 260 | _c1990 | ||
| 350 | _a0 | ||
| 490 |
_aArchitects` Journal _v192(19) 7 November 1990, 73-75(3) |
||
| 520 | _aSummarises recent case law of interest to architects and surveyors . These include Oxford University Press v John Stedman Design Group and others (43031); Elle Ltd v Manches and others (1990 EGCS 81) and Rosehaugh Stanhope (Broadgate Phases 6&7) v Redpath Dorman Long (43444) and Modern Trading Company Ltd v Swale Building and Construction Ltd (1990 Const LJ 251). | ||
| 650 | _aMANAGEMENT-DISPUTE AVOIDANCE, MANAGEMENT AND RESOLUTION-DISPUTE MANAGEMENT AND RESOLUTION-ARBITRATION | ||
| 650 | _aARISTON SRL V CHARLY RECORDS LTD | ||
| 650 | _aBLACKPOOL AND FYLDE AERO CLUB LTD V BLACKPOOL BC | ||
| 650 | _aBOND CONSTRUCTION LTD V MEIR NUTMAN AND ANOTHER | ||
| 650 | _aCHARLOTTE THIRTY LTD AN BISON LTD V CROKER LTD | ||
| 650 | _aDAMAGES | ||
| 650 | _aDERBY AND CO LTD V WELDON | ||
| 650 | _aEMPIRNALL HOLDINGS PTY LTD V MACHON PAULL PARTNERS PTD LTD | ||
| 650 | _aGRANGES ALUMINIUM AB V CLEVELAND BRIDGE AND ENGINEERING CO LTD | ||
| 650 | _aISLINGTON LBC V TURRIFF CONSTRUCTION LTD | ||
| 650 | _aMINTFAIR LTD V HUNTER AND PARTNERS | ||
| 650 | _aMORGAN CRUCIBLE CO V HILL SAMUEL BANK LTD | ||
| 650 | _aMOTTRAM CONSULTANTS LTD V BERNARD SUNLEY AND SONS | ||
| 650 | _aSMITH V ERIC S BUSH | ||
| 690 | _aLAW | ||
| 942 | _n0 | ||
| 948 | _c04/03/1997 | ||
| 999 |
_c27574 _d27574 |
||